Pokémon anime shippings - Statistics

General Stats
  • This quiz has been taken 103 times
    51 since last reset
  • The average score is 8 of 16
Answer Stats
Pairing Shipping name % Correct
Ash x Misty PokéShipping
88%
Ash x Serena AmourShipping
83%
Ash x Dawn PearlShipping
68%
Jessie x James RocketShipping
66%
Ash x May AdvanceShipping
61%
May x Drew ContestShipping
56%
Ash x Iris NegaiShipping
49%
Ash x Gary PalletShipping
49%
Ash x Lillie AureliaShipping
41%
Ash x Mallow AlohaShipping
39%
Ash x Lana BlueAngelShipping
34%
Dawn x Paul IkariShipping
29%
Cilan x Iris WishfulShipping
29%
Prof. Oak x Delia ElderShipping
22%
Max x Bonnie FourthWheelShipping
22%
Clemont x Korrina LaserBladeShipping
20%
No matching quizzes found
Score Distribution
Percent of People with Each Score
Percentile by Number Answered
Your Score History
You have not taken this quiz since the last reset